| 000 | 00454nam a22001697a 4500 | ||
|---|---|---|---|
| 005 | 20231221114054.0 | ||
| 008 | 231220b |||||||| |||| 00| 0 eng d | ||
| 020 | _a978-4643-0273-2 | ||
| 082 |
_a709.2 _bTOY-D |
||
| 100 | _aToyne, Jessica | ||
| 245 |
_aDALI: _bthe great artists collection/ _cToyne, Jessica |
||
| 260 |
_aChina _bWorld Publication Group _c2013 |
||
| 300 | _a64 | ||
| 500 | _aIllustrated Edition | ||
| 650 | _aArchitecture | ||
| 999 |
_c34940 _d34940 |
||